|
|
|
|
| LEADER |
00000nam0a2200000 4500 |
| 001 |
357046 |
| 005 |
20231102010943.0 |
| 035 |
|
|
|a (RuTPU)RU\TPU\retro\14306
|
| 090 |
|
|
|a 357046
|
| 100 |
|
|
|a 20200728d1902 m y0rusy50 ca
|
| 101 |
0 |
|
|a rus
|
| 102 |
|
|
|a RU
|
| 105 |
|
|
|a a z 001zy
|
| 200 |
1 |
|
|a Сибирь, Природа, Люди, Жизнь
|e издание Ю. И. Базановой
|f П. М. Головачев
|
| 210 |
|
|
|a Москва
|c Типо-литография Т-ва И. Н. Кушнерев и Ко
|d 1902
|
| 215 |
|
|
|a 300 с.
|c карты
|
| 300 |
|
|
|a Текст в русской дореформенной орфографии
|
| 320 |
|
|
|a Библиогр.: с. 289-298
|
| 606 |
1 |
|
|a Сибирь
|x География
|2 stltpush
|3 (RuTPU)RU\TPU\subj\72222
|9 85790
|
| 606 |
1 |
|
|a Сибирь
|x Экономическая география
|2 stltpush
|3 (RuTPU)RU\TPU\subj\73219
|9 86350
|
| 610 |
1 |
|
|a физическая география
|
| 610 |
1 |
|
|a природа
|
| 610 |
1 |
|
|a климат
|
| 610 |
1 |
|
|a растительный мир
|
| 610 |
1 |
|
|a животный мир
|
| 610 |
1 |
|
|a воды
|
| 610 |
1 |
|
|a освоение
|
| 610 |
1 |
|
|a хозяйственная деятельность
|
| 610 |
1 |
|
|a кустарные промыслы
|
| 610 |
1 |
|
|a обрабатывающая промышленность
|
| 610 |
1 |
|
|a народное образование
|
| 675 |
|
|
|a 91(571.1/.5)
|v 4
|
| 686 |
|
|
|a У04(2Р5)
|2 rubbk
|
| 700 |
|
1 |
|a Головачев
|b П. М.
|c российский историк
|c публицист
|c лингвист
|f 1862-1913
|g Петр Михайлович
|2 stltpush
|3 (RuTPU)RU\TPU\pers\11513
|9 2707
|
| 801 |
|
1 |
|a RU
|b 63413507
|c 20200728
|
| 801 |
|
2 |
|a RU
|b 63413507
|c 20200911
|g RCR
|
| 942 |
|
|
|c BK
|